000 00360nam a2200145Ia 4500
008 210210b0 xxu||||| |||| 00| 0 eng d
082 _a267 AICU
100 _aAICUF.
245 _aAicuf way: techniques, discussion papers, ideas.
260 _aMadras.
_bAicuf Publications
_c0
300 _a135
650 _aAicuf
690 _aChristianity
906 _a038580
999 _c88951
_d88951